A first course in partial differential equations : with complex variables and transform methods

Αποθηκεύτηκε σε:
Λεπτομέρειες βιβλιογραφικής εγγραφής
Κύριος συγγραφέας: Weinberger, Hans F.
Μορφή: Βιβλίο
Γλώσσα:English
Δημοσίευση: New York : Dover, 1995
Θέματα:
Ετικέτες: Προσθήκη ετικέτας
Δεν υπάρχουν, Καταχωρήστε ετικέτα πρώτοι!

MARC

LEADER 00000nam a2200000 i 4500
001 1/45116
008 980514s1995 eng d
020 |a 048668640X 
035 |l 10042455 
040 |a GR-MY-UA  |b    |e aacr 
041 0 |a eng 
082 0 |a 515.353 
100 1 |a Weinberger, Hans F. 
245 1 2 |a A first course in partial differential equations :  |b with complex variables and transform methods /  |c H.F. Weinberger 
246 3 3 |a Partial differential equations 
260 |a New York :   |b Dover,   |c 1995 
300 |a ix, 446 σ.;  |b εικ.;  |c 24 εκ. 
500 |a "An unabridged and slightly corrected republication of the work originally published in 1965 by Blaisdell Publishing Company, New York" 
504 |a Περιλαμβάνει βιβλιογραφικές παραπομπές και ευρετήριο 
650 0 0 |a Differential equations, Partial. 
852 |a INST  |b SAMOS  |e 19980514  |h 515.353 WEI  |p 005300011594  |q 005300011594  |t BK  |y 0 
852 |a INST  |b SAMOS  |e 19980514  |h 515.353 WEI  |p 005300011595  |q 005300011595  |t BK  |y 0 
901 |a BIBL-1998-2 
909 |a Σ  |b 055706 
909 |a Σ  |b 055707 
922 |a 3ΕΛΗ  |b 199805  |c ΚΠΣ  |d ΠΑΠΑΣΩΤΗΡΙΟΥ